000 00764nam a22002537a 4500
005 20170124110103.0
010 _a477229
020 _c00.00
035 _a477229
037 _bCen Lib/Ret
040 _aDPL
_bEN
082 _a921
_bLET
245 _aThe letters of Sigmund Freud /
_cedited by Ernst L. Freud; traslated by Tania [and] James Stern
260 _aNew York
_bMcGraw-Hill Book
_c1960
270 _bNew York
300 _aviii,470p.
_c21cm(Hb)
500 _aIncludes bibliographical references
650 _aPsychoanalysts
_927515
650 _aNovelists, German
_xBiographies
_972520
700 _a Freud, Ernst L.
_927517
700 _aTania
_972521
700 _a Stern, James
_927519
942 _2ddc
_cEN
_h921
_mLET
999 _c129828
_d129828